000 00634nam a22001695i 4500
001 153909
003 ES-MaACL
005 20230906205430.0
008 990215s1896 sp |||| | spa d
040 _aCCPB | B
_bspa
_cCCPB | B
110 2 _aJunta Consultiva de Montes.
_9152112
245 1 0 _aReglamento para el régimen interior de la Junta Consultiva de Montes aprobado por Real Decreto de 8 de noviembre de 1895.
260 _aMadrid :
_b[s.n.],
_c1896 (
_fImprenta de Ricardo Rojas)
300 _a22 p. ;
_c24 cm.
610 2 4 _aJunta Consultiva de Montes-
_vReglamentos.
_9152113
852 _aES-MaACL
_jG-9539(1)
_z-- Enc. hol.
999 _c153909
_d153909